000235670 001__ 235670
000235670 005__ 20231010195007.0
000235670 022__ $$a0102-0811$$l0102-0811
000235670 022__ $$a1980-4245$$l0102-0811
000235670 022__ $$a1983-0823$$l0102-0811
000235670 022__ $$a2764-5290$$l2764-5290
000235670 0247_ $$2ZDBID$$aPERI:(DE-600)3140847-3
000235670 0247_ $$2ZDBPPN$$aZDPPN:1274107547
000235670 0247_ $$2ZDBID$$aPERI:(DE-600)3011152-3$$qPredecessor
000235670 0247_ $$2EZBID$$aPERI:(DE-606)465474
000235670 0247_ $$2OCLC$$aOCLC:1368896037
000235670 0247_ $$2SCOPUS$$aSCOPUS:21101023183
000235670 035__ $$aPERI:(DE-600)3011152-3
000235670 040__ $$a0005$$bger$$cDE-101$$dJOIN²$$eJOIN² journal identification
000235670 041__ $$aeng
000235670 044__ $$cXD-BR
000235670 082__ $$223sdnb$$a510$$qDE-600
000235670 08274 $$223sdnb$$a510$$qDE-600
000235670 2100_ $$2DE-600$$aRev. Bras. Biom.
000235670 24220 $$2DE-600$$aBrazilian journal of biometrics$$yen
000235670 24220 $$2DE-600$$aBrazilian journal of biometrics
000235670 245__ $$2DE-600$$aBrazilian journal of biometrics$$honline
000235670 2463_ $$2DE-600$$aBrazilian journal of biometrics
000235670 2463_ $$a= Biometric Brazilian journal
000235670 2463_ $$aRevista Brasileira de biometria
000235670 2463_ $$aBrazilian journal of biometrics
000235670 260__ $$aLavras, Brazil$$bUniversidade Federal de Lavras, Departamento de Estatística$$c[2022] -
000235670 2607_ $$2DOAJ$$aBrazil$$bBrazilian Region of the International Biometric Society (RBras)$$d2022-11-18T16:23:27Z$$fBrazilian Region of the International Biometric Society (RBras).
000235670 2607_ $$2DOAJ$$aBrazil$$bUniversidade Federal de Lavras$$d2022-11-18T16:22:50Z
000235670 26431 $$aLavras, Brazil$$bUniversidade Federal de Lavras, Departamento de Estatística$$c[2022] -
000235670 3620_ $$2DE-600$$aVol. 40, no.1 (2022) -
000235670 36301 $$2DE-600$$81.1\x$$a40$$b1$$i2022
000235670 380__ $$2marcgt$$ajournal
000235670 500__ $$aAutomatically generated record. (Updated: 2023-08-30)
000235670 650_7 $$0ASJC:2604$$2ASJC$$aApplied Mathematics
000235670 650_7 $$0ASJC:2739$$2ASJC$$aPublic Health, Environmental and Occupational Health
000235670 650_7 $$0ASJC:1100$$2ASJC$$aGeneral Agricultural and Biological Sciences
000235670 650_7 $$0ASJC:2613$$2ASJC$$aStatistics and Probability
000235670 650_7 $$0ASJC:2713$$2ASJC$$aEpidemiology
000235670 65310 $$2DOAJ$$abiology$$d2022-11-18T16:23:27Z
000235670 65310 $$2DOAJ$$astatistics$$d2022-11-18T16:23:27Z
000235670 65310 $$2DOAJ$$adata science$$d2022-11-18T16:23:27Z
000235670 65310 $$2DOAJ$$aapplied biological sciences$$d2022-11-18T16:23:27Z
000235670 65310 $$2DOAJ$$amathematical analysis$$d2022-11-18T16:23:27Z
000235670 65310 $$2DOAJ$$abiometrics$$d2022-11-18T16:23:27Z
000235670 65310 $$2DOAJ$$aSocial Sciences: Statistics$$d2022-11-18T16:23:27Z
000235670 65310 $$2DOAJ$$aScience: Biology (General)$$d2022-11-18T16:23:27Z
000235670 65310 $$2DOAJ$$abiometry$$d2022-11-18T16:22:50Z
000235670 65310 $$2DOAJ$$astatistical methods$$d2022-11-18T16:22:50Z
000235670 65310 $$2DOAJ$$adata analysis$$d2022-11-18T16:22:50Z
000235670 78000 $$2DE-600$$dSão Paulo SP : Universidade Estadual Paulista "Júlio de Mesquita Filho", [2015-2021]$$hOnline-Ressource$$iFortsetzung von$$tRevista Brasileira de biometria$$w(DE-600)3011152-3$$x1983-0823
000235670 8564_ $$d0$$uhttp://ezb.uni-regensburg.de/3140847$$yEZB
000235670 8564_ $$d0$$uhttp://www.biometria.ufla.br/index.php/BBJ/about$$yScope
000235670 8564_ $$d0$$uhttp://www.biometria.ufla.br/index.php/BBJ/about/editorialTeam$$yEditorial board
000235670 8564_ $$d0$$uhttp://www.biometria.ufla.br/index.php/BBJ/about/submissions$$yReview process
000235670 8564_ $$d0$$uhttps://biometria.ufla.br/index.php/BBJ/about$$yReview process
000235670 8564_ $$d0$$uhttps://biometria.ufla.br/index.php/BBJ/about/editorialTeam$$yEditorial board
000235670 8564_ $$d0$$uhttps://biometria.ufla.br/index.php/BBJ/about/submissions$$yInstructions for Authors
000235670 8564_ $$d0$$uhttps://biometria.ufla.br/index.php/BBJ/index$$yScope
000235670 8564_ $$d0$$uhttps://biometria.ufla.br/index.php/BBJ/issue/archive$$yVerlag = kostenfrei
000235670 8801_ $$2DE-600$$aBrazilian journal of biometrics
000235670 909CO $$ooai:juser.fz-juelich.de:886931$$pauthority$$pauthority:PERI
000235670 909CO $$ooai:juser.fz-juelich.de:886931
000235670 915__ $$0StatID:(DE-HGF)0200$$2StatID$$aDBCoverage$$bSCOPUS$$d2023-08-30
000235670 915__ $$0StatID:(DE-HGF)0501$$2StatID$$aDBCoverage$$bDOAJ Seal$$d2022-11-18T16:22:50Z
000235670 915__ $$0StatID:(DE-HGF)0500$$2StatID$$aDBCoverage$$bDOAJ$$d2022-11-18T16:22:50Z
000235670 915__ $$0StatID:(DE-HGF)0030$$2StatID$$aPeer Review$$bDOAJ : Double anonymous peer review$$d2022-11-18T16:22:50Z
000235670 915__ $$0LIC:(DE-HGF)CCBYNV$$2V:(DE-HGF)$$aCreative Commons Attribution CC BY (No Version)$$bDOAJ$$d2022-11-18T16:22:50Z
000235670 980__ $$aPERI
000235670 980__ $$aAUTHORITY